[Event "Opocensky Memorial 2019"]
[Site "Prague"]
[Date "2019.06.25"]
[Round "5.3"]
[White "Kourousis, Epaminondas"]
[Black "Pulpan, Jakub"]
[Result "0-1"]
[WhiteElo "2394"]
[BlackElo "2414"]
[Annotator "NA"]
[PlyCount "78"]
[EventDate "2019.06.22"]
[EventType "tourn"]
[EventCountry "CZE"]
[SourceTitle "playchess.com"]
[Source "ChessBase"]
[SourceQuality "1"]
[TimeControl "5400+30"]

1. d4 {[%emt 0:00:00]} Nf6 {[%emt 0:00:00]} 2. Nf3 {[%emt 0:00:13]} d5 {[%emt 0:00:52]} 3. c4 {[%emt 0:00:16]} e6 {[%emt 0:00:26]} 4. g3 {[%emt 0:00:14]} Be7 {[%emt 0:00:15]} 5. Bg2 {[%emt 0:00:16]} O-O {[%emt 0:00:11]} 6. O-O {[%emt 0:00:37]} dxc4 {[%emt 0:00:25]} 7. Qc2 {[%emt 0:00:25]} b6 {[%emt 0:00:08]} 8. Nbd2 {[%emt 0:01:18]} Bb7 {[%emt 0:01:11]} 9. Nxc4 {[%emt 0:00:14]} Nbd7 {[%emt 0:03:33]} 10. Rd1 {[%emt 0:03:12]} Rc8 {[%emt 0:04:53]} 11. Bf4 {[%emt 0:10:08]} Nd5 {[%emt 0:14:48]} 12. Rac1 {[%emt 0:10:26]} Nxf4 {[%emt 0:19:08]} 13. gxf4 {[%emt 0:00:04]} Nf6 {[%emt 0:06:40]} 14. Nce5 {[%emt 0:06:29]} Bd6 {[%emt 0:03:18]} 15. e3 {[%emt 0:06:45]} c5 {[%emt 0:04:21]} 16. Qa4 {[%emt 0:11:10]} cxd4 {[%emt 0:03:36]} 17. Rxc8 {[%emt 0:08:06]} Qxc8 {[%emt 0:00:28]} 18. Nxd4 {[%emt 0:00:04]} Bxg2 {[%emt 0:02:47]} 19. Kxg2 {[%emt 0:00:09]} Qc7 {[%emt 0:07:55]} 20. Nef3 {[%emt 0:06:56]} Nd5 {[%emt 0:04:07]} 21. Qc6 {[%emt 0:00:57]} Qd8 {[%emt 0:03:14]} 22. Kh1 {[%emt 0:02:30]} Ne7 {[%emt 0:01:52]} 23. Qe4 {[%emt 0:01:49]} Bc5 {[%emt 0:00:37]} 24. Rg1 {[%emt 0:04:16]} Nd5 {[%emt 0:05:43]} 25. Nxe6 {[%emt 0:08:18]} fxe6 {[%emt 0:04:13]} 26. Ng5 {[%emt 0:00:03]} Nf6 {[%emt 0:03:37]} 27. Qxe6+ {[%emt 0:00:02]} Kh8 {[%emt 0:00:02]} 28. Nf7+ {[%emt 0:00:11]} Rxf7 {[%emt 0:00:03]} 29. Qxf7 {[%emt 0:00:06]} Ng4 {[%emt 0:02:11]} 30. Rg3 {[%emt 0:12:54]} g6 {[%emt 0:00:49]} 31. Kg2 {[%emt 0:00:27]} Qa8+ {[%emt 0:00:30]} 32. Kg1 {[%emt 0:00:42]} Qd8 {[%emt 0:01:34]} 33. Rh3 {[%emt 0:02:04]} Nf6 {[%emt 0:01:16]} 34. Kg2 {[%emt 0:01:32]} Qa8+ {[%emt 0:00:35]} 35. Kf1 {[%emt 0:01:40]} Nh5 {[%emt 0:01:10]} 36. f5 {[%emt 0:00:51]} Qh1+ {[%emt 0:00:45]} 37. Ke2 {[%emt 0:00:02]} Qe4 {[%emt 0:00:24]} 38. f6 {[%emt 0:03:03]} Nf4+ {[%emt 0:00:18]} 39. Ke1 {[%emt 0:00:28]} Qb1+ {[%emt 0:00:12]} 0-1

[Event "Opocensky Memorial 2019"]
[Site "Prague"]
[Date "2019.06.25"]
[Round "5.4"]
[White "Kozusek, Daniel"]
[Black "Sahidi, Samir"]
[Result "0-1"]
[WhiteElo "2339"]
[BlackElo "2380"]
[Annotator "NA"]
[PlyCount "116"]
[EventDate "2019.06.22"]
[EventType "tourn"]
[EventCountry "CZE"]
[SourceTitle "playchess.com"]
[Source "ChessBase"]
[SourceQuality "1"]
[TimeControl "5400+30"]

1. d4 {[%emt 1:30:30]} Nf6 {[%emt 1:30:30]} 2. Bg5 {[%emt 0:00:30]} e6 {[%emt 0:00:30]} 3. e4 {[%emt 0:00:30]} h6 {[%emt 0:00:30]} 4. Bxf6 {[%emt 0:00:30]} Qxf6 {[%emt 0:00:30]} 5. c3 {[%emt 0:00:30]} g6 {[%emt 0:00:30]} 6. e5 {[%emt 0:00:30]} Qe7 {[%emt 0:00:30]} 7. Bd3 {[%emt 0:00:30]} d6 {[%emt 0:00:30]} 8. f4 {[%emt 0:00:30]} Bg7 {[%emt 0:00:30]} 9. Nf3 {[%emt 0:00:30]} O-O {[%emt 0:00:30]} 10. Nbd2 {[%emt 0:00:30]} dxe5 {[%emt 0:00:30]} 11. dxe5 {[%emt 0:00:30]} Nd7 {[%emt 0:00:30]} 12. Ne4 {[%emt 0:00:30]} Rd8 {[%emt 0:00:30]} 13. Qe2 {[%emt 0:00:30]} Rb8 {[%emt 0:00:30]} 14. g4 {[%emt 0:00:30]} b5 {[%emt 0:00:30]} 15. O-O-O {[%emt 0:00:30]} b4 {[%emt 0:00:30]} 16. c4 {[%emt 0:00:30]} Bb7 {[%emt 0:00:30]} 17. h4 {[%emt 0:00:30]} b3 {[%emt 0:00:30]} 18. a3 {[%emt 0:00:30]} Nc5 {[%emt 0:00:30]} 19. Bb1 {[%emt 0:00:30]} Na4 {[%emt 0:00:30]} 20. Rxd8+ {[%emt 0:00:30]} Rxd8 {[%emt 0:00:30]} 21. Rd1 {[%emt 0:00:30]} Bxe4 {[%emt 0:00:30]} 22. Rxd8+ {[%emt 0:00:30]} Qxd8 {[%emt 0:00:30]} 23. Bxe4 {[%emt 0:00:30]} Bf8 {[%emt 0:00:30]} 24. Qe3 {[%emt 0:00:30]} Qb8 {[%emt 0:00:30]} 25. Nd2 {[%emt 0:00:30]} Nc5 {[%emt 0:00:30]} 26. h5 {[%emt 0:00:30]} gxh5 {[%emt 0:00:30]} 27. gxh5 {[%emt 0:00:30]} Qb6 {[%emt 0:00:30]} 28. Qg1+ {[%emt 0:00:30]} Kh8 {[%emt 0:00:30]} 29. Qd4 {[%emt 0:00:30]} Kg8 {[%emt 0:00:30]} 30. f5 {[%emt 0:00:30]} Nxe4 {[%emt 0:00:30]} 31. Qxb6 {[%emt 0:00:30]} cxb6 {[%emt 0:00:30]} 32. Nxe4 {[%emt 0:00:30]} exf5 {[%emt 0:00:30]} 33. Nd2 {[%emt 0:00:30]} Bg7 {[%emt 0:00:30]} 34. Nf3 {[%emt 0:00:30]} Kf8 {[%emt 0:00:30]} 35. Kd2 {[%emt 0:00:30]} Ke7 {[%emt 0:00:30]} 36. Ke3 {[%emt 0:00:30]} f6 {[%emt 0:00:30]} 37. e6 {[%emt 0:00:30]} f4+ {[%emt 0:00:30]} 38. Kxf4 {[%emt 0:00:30]} f5 {[%emt 0:00:30]} 39. Kxf5 {[%emt 0:00:30]} Bxb2 {[%emt 0:00:30]} 40. Nd2 {[%emt 0:00:30]} Bxa3 {[%emt 0:00:30]} 41. Nxb3 {[%emt 0:00:30]} Bc5 {[%emt 0:00:30]} 42. Nc1 {[%emt 0:00:30]} a5 {[%emt 0:00:30]} 43. Ne2 {[%emt 0:00:30]} a4 {[%emt 0:00:30]} 44. Nc3 {[%emt 0:00:30]} a3 {[%emt 0:00:30]} 45. Ke5 {[%emt 0:00:30]} Bd6+ {[%emt 0:00:30]} 46. Kf5 {[%emt 0:00:30]} Bc5 {[%emt 0:00:30]} 47. Ke5 {[%emt 0:00:30]} Bf2 {[%emt 0:00:30]} 48. Nd5+ {[%emt 0:00:30]} Ke8 {[%emt 0:00:30]} 49. Nb4 {[%emt 0:00:30]} Be1 {[%emt 0:00:30]} 50. Na2 {[%emt 0:00:30]} Ke7 {[%emt 0:00:30]} 51. Kf5 {[%emt 0:00:30]} Kd6 {[%emt 0:00:30]} 52. c5+ {[%emt 0:00:30]} bxc5 {[%emt 0:00:30]} 53. Kf6 {[%emt 0:00:30]} Bh4+ {[%emt 0:00:30]} 54. Kf7 {[%emt 0:00:30]} Kd5 {[%emt 0:00:30]} 55. e7 {[%emt 0:00:30]} Bxe7 {[%emt 0:00:30]} 56. Kxe7 {[%emt 0:00:30]} Kc4 {[%emt 0:00:30]} 57. Kd6 {[%emt 0:00:30]} Kb3 {[%emt 0:00:30]} 58. Nc1+ {[%emt 0:00:30]} Kc2 {[%emt 0:00:30]} 0-1

[Event "Opocensky Memorial 2019"]
[Site "Prague"]
[Date "2019.06.26"]
[Round "6.1"]
[White "Sokolov, Alexander"]
[Black "Sergeev, Vladimir"]
[Result "1/2-1/2"]
[WhiteElo "2382"]
[BlackElo "2411"]
[Annotator "NA"]
[PlyCount "81"]
[EventDate "2019.06.22"]
[EventType "tourn"]
[EventCountry "CZE"]
[SourceTitle "playchess.com"]
[Source "ChessBase"]
[SourceQuality "1"]
[TimeControl "5400+30"]

1. e4 {[%emt 0:00:00]} Nf6 {[%emt 0:03:55]} 2. e5 {[%emt 0:00:00]} Nd5 {[%emt 0:00:08]} 3. d4 {[%emt 0:00:00]} d6 {[%emt 0:00:05]} 4. Nf3 {[%emt 0:00:04]} Nb6 {[%emt 0:00:30]} 5. Be2 {[%emt 0:00:50]} g6 {[%emt 0:00:07]} 6. O-O {[%emt 0:00:25]} Bg7 {[%emt 0:00:03]} 7. exd6 {[%emt 0:00:19]} cxd6 {[%emt 0:00:06]} 8. Bg5 {[%emt 0:00:41]} h6 {[%emt 0:00:19]} 9. Bh4 {[%emt 0:00:09]} Nc6 {[%emt 0:05:25]} 10. c3 {[%emt 0:01:34]} d5 {[%emt 0:00:28]} 11. Re1 {[%emt 0:01:33]} a6 {[%emt 0:00:38]} 12. Bd3 {[%emt 0:01:12]} Bg4 {[%emt 0:05:52]} 13. Nbd2 {[%emt 0:00:29]} Qd7 {[%emt 0:00:14]} 14. Qb3 {[%emt 0:00:55]} Nc8 {[%emt 0:01:14]} 15. h3 {[%emt 0:08:19]} Bxf3 {[%emt 0:03:55]} 16. Nxf3 {[%emt 0:00:13]} e6 {[%emt 0:00:24]} 17. Ne5 {[%emt 0:07:41]} Nxe5 {[%emt 0:06:18]} 18. dxe5 {[%emt 0:00:15]} Ne7 {[%emt 0:01:07]} 19. c4 {[%emt 0:03:50]} g5 {[%emt 0:26:11]} 20. Bg3 {[%emt 0:00:32]} dxc4 {[%emt 0:15:52]} 21. Bxc4 {[%emt 0:05:32]} Nc6 {[%emt 0:00:24]} 22. Rad1 {[%emt 0:17:46]} Qe7 {[%emt 0:00:05]} 23. Rd6 {[%emt 0:05:14]} O-O {[%emt 0:00:08]} 24. Qb6 {[%emt 0:03:16]} Rfc8 {[%emt 0:00:57]} 25. Bd3 {[%emt 0:05:02]} Qc7 {[%emt 0:02:12]} 26. Qe3 {[%emt 0:00:15]} Nb4 {[%emt 0:00:39]} 27. Rd1 {[%emt 0:02:14]} Nxd3 {[%emt 0:00:58]} 28. Qxd3 {[%emt 0:00:13]} Qc5 {[%emt 0:02:22]} 29. Qe4 {[%emt 0:02:18]} b5 {[%emt 0:03:44]} 30. b3 {[%emt 0:05:00]} Bf8 {[%emt 0:03:04]} 31. Rd7 {[%emt 0:01:36]} Qc2 {[%emt 0:00:20]} 32. R1d3 {[%emt 0:10:03]} Qb1+ {[%emt 0:04:46]} 33. Kh2 {[%emt 0:00:04]} Rc1 {[%emt 0:00:09]} 34. Bf4 {[%emt 0:01:27]} Rh1+ {[%emt 0:04:43]} 35. Kg3 {[%emt 0:00:05]} Rd1 {[%emt 0:00:15]} 36. Be3 {[%emt 0:05:05]} Rxd3 {[%emt 0:01:12]} 37. Qxd3 {[%emt 0:00:17]} Qxd3 {[%emt 0:01:25]} 38. Rxd3 {[%emt 0:00:07]} Rc8 {[%emt 0:04:01]} 39. h4 {[%emt 0:02:03]} Bg7 {[%emt 0:00:17]} 40. hxg5 {[%emt 0:00:53]} hxg5 {[%emt 0:00:38]} 41. Bxg5 {[%emt 0:01:43]} 1/2-1/2

[Event "Opocensky Memorial 2019"]
[Site "Prague"]
[Date "2019.06.26"]
[Round "6.2"]
[White "Sahidi, Samir"]
[Black "Neuman, Petr"]
[Result "1/2-1/2"]
[WhiteElo "2380"]
[BlackElo "2395"]
[Annotator "NA"]
[PlyCount "33"]
[EventDate "2019.06.22"]
[EventType "tourn"]
[EventCountry "CZE"]
[SourceTitle "playchess.com"]
[Source "ChessBase"]
[SourceQuality "1"]
[TimeControl "5400+30"]

1. e4 {[%emt 0:00:00]} c5 {[%emt 0:00:00]} 2. Nf3 {[%emt 0:00:00]} d6 {[%emt 0:00:00]} 3. Bb5+ {[%emt 0:01:44]} Bd7 {[%emt 0:00:28]} 4. Bxd7+ {[%emt 0:01:06]} Qxd7 {[%emt 0:00:04]} 5. O-O {[%emt 0:00:28]} Nf6 {[%emt 0:00:06]} 6. Re1 {[%emt 0:01:17]} Nc6 {[%emt 0:02:33]} 7. c4 {[%emt 0:02:24]} Ne5 {[%emt 0:01:03]} 8. d3 {[%emt 0:03:28]} g6 {[%emt 0:04:34]} 9. Nxe5 {[%emt 0:01:47]} dxe5 {[%emt 0:00:04]} 10. Be3 {[%emt 0:00:19]} b6 {[%emt 0:00:30]} 11. Nc3 {[%emt 0:01:52]} e6 {[%emt 0:01:41]} 12. Qa4 {[%emt 0:06:15]} Qxa4 {[%emt 0:01:04]} 13. Nxa4 {[%emt 0:00:12]} O-O-O {[%emt 0:00:11]} 14. Red1 {[%emt 0:01:38]} Be7 {[%emt 0:01:08]} 15. Kf1 {[%emt 0:06:00]} Nd7 {[%emt 0:00:39]} 16. a3 {[%emt 0:06:53]} Nb8 {[%emt 0:00:18]} 17. Rd2 {[%emt 0:14:11]} 1/2-1/2

[Event "Opocensky Memorial 2019"]
[Site "Prague"]
[Date "2019.06.26"]
[Round "6.3"]
[White "Pulpan, Jakub"]
[Black "Kozusek, Daniel"]
[Result "1/2-1/2"]
[WhiteElo "2414"]
[BlackElo "2339"]
[Annotator "NA"]
[PlyCount "73"]
[EventDate "2019.06.22"]
[EventType "tourn"]
[EventCountry "CZE"]
[SourceTitle "playchess.com"]
[Source "ChessBase"]
[SourceQuality "1"]
[TimeControl "5400+30"]

1. e4 e6 2. d4 d5 3. Nd2 Nf6 4. e5 Nfd7 5. Bd3 c5 {[%emt 1:32:03]} 6. c3 {[%emt 0:02:19]} b6 {[%emt 0:00:30]} 7. Nh3 {[%emt 0:00:30]} Be7 {[%emt 0:00:30]} 8. O-O {[%emt 0:00:30]} Ba6 {[%emt 0:00:30]} 9. Bxa6 {[%emt 0:00:30]} Nxa6 {[%emt 0:00:30]} 10. f4 {[%emt 0:00:30]} g6 {[%emt 0:00:30]} 11. Nf3 {[%emt 0:00:30]} b5 {[%emt 0:00:30]} 12. Qe2 {[%emt 0:00:30]} Qb6 {[%emt 0:00:30]} 13. a3 {[%emt 0:00:30]} c4 {[%emt 0:00:30]} 14. Be3 {[%emt 0:00:30]} Nc7 {[%emt 0:00:30]} 15. Bf2 {[%emt 0:00:30]} a5 {[%emt 0:00:30]} 16. Bh4 {[%emt 0:00:30]} Bxh4 {[%emt 0:00:30]} 17. Nxh4 {[%emt 0:00:30]} O-O-O {[%emt 0:00:30]} 18. Nf2 {[%emt 0:00:30]} a4 {[%emt 0:00:30]} 19. Ng4 {[%emt 0:00:30]} h6 {[%emt 0:00:30]} 20. Nf3 {[%emt 0:00:30]} Rdg8 {[%emt 0:00:30]} 21. Qf2 {[%emt 0:00:30]} Ne8 {[%emt 0:00:30]} 22. Rae1 {[%emt 0:00:30]} Qd8 {[%emt 0:00:30]} 23. Qh4 {[%emt 0:00:30]} Ng7 {[%emt 0:00:30]} 24. Qxd8+ {[%emt 0:00:30]} Kxd8 {[%emt 0:00:30]} 25. Ne3 {[%emt 0:00:30]} Nf5 {[%emt 0:00:30]} 26. g4 {[%emt 0:00:30]} Nxe3 {[%emt 0:00:30]} 27. Rxe3 {[%emt 0:00:30]} h5 {[%emt 0:00:30]} 28. Ng5 {[%emt 0:00:30]} Ke7 {[%emt 0:00:30]} 29. h3 {[%emt 0:00:30]} hxg4 {[%emt 0:00:30]} 30. hxg4 {[%emt 0:00:30]} Rh4 {[%emt 0:00:30]} 31. Rg3 {[%emt 0:00:30]} Rgh8 {[%emt 0:00:30]} 32. Nf3 {[%emt 0:00:30]} Rh1+ {[%emt 0:00:30]} 33. Kg2 {[%emt 0:00:30]} Rxf1 {[%emt 0:00:30]} 34. Kxf1 {[%emt 0:00:30]} Rh1+ {[%emt 0:00:30]} 35. Rg1 {[%emt 0:00:30]} Rxg1+ {[%emt 0:00:30]} 36. Kxg1 {[%emt 0:00:30]} Nb8 {[%emt 0:00:30]} 37. Kf2 {[%emt 0:00:30]} 1/2-1/2

[Event "Opocensky Memorial 2019"]
[Site "Prague"]
[Date "2019.06.26"]
[Round "6.4"]
[White "Plischki, Sebastian"]
[Black "Kourousis, Epaminondas"]
[Result "0-1"]
[WhiteElo "2420"]
[BlackElo "2394"]
[Annotator "NA"]
[PlyCount "98"]
[EventDate "2019.06.22"]
[EventType "tourn"]
[EventCountry "CZE"]
[SourceTitle "playchess.com"]
[Source "ChessBase"]
[SourceQuality "1"]
[TimeControl "5400+30"]

1. d4 {[%emt 1:30:30]} Nf6 {[%emt 1:30:30]} 2. c4 {[%emt 0:00:30]} e6 {[%emt 0:00:30]} 3. Nc3 {[%emt 0:00:30]} Bb4 {[%emt 0:00:30]} 4. f3 {[%emt 0:00:30]} d5 {[%emt 0:00:30]} 5. a3 {[%emt 0:00:30]} Bxc3+ {[%emt 0:00:30]} 6. bxc3 {[%emt 0:00:30]} O-O {[%emt 0:00:30]} 7. cxd5 {[%emt 0:00:30]} exd5 {[%emt 0:00:30]} 8. e3 {[%emt 0:00:30]} c5 {[%emt 0:00:30]} 9. Bd3 {[%emt 0:00:30]} Nc6 {[%emt 0:00:30]} 10. Ne2 {[%emt 0:00:30]} Be6 {[%emt 0:00:30]} 11. O-O {[%emt 0:00:30]} Rc8 {[%emt 0:00:30]} 12. Rb1 {[%emt 0:00:30]} Qd7 {[%emt 0:00:30]} 13. Kh1 {[%emt 0:00:30]} Bf5 {[%emt 0:00:30]} 14. Bxf5 {[%emt 0:00:30]} Qxf5 {[%emt 0:00:30]} 15. Rxb7 {[%emt 0:00:30]} Rb8 {[%emt 0:00:30]} 16. Ng3 {[%emt 0:00:30]} Qe6 {[%emt 0:00:30]} 17. Rxb8 {[%emt 0:00:30]} Rxb8 {[%emt 0:00:30]} 18. e4 {[%emt 0:00:30]} Na5 {[%emt 0:00:30]} 19. e5 {[%emt 0:00:30]} Nd7 {[%emt 0:00:30]} 20. Ne2 {[%emt 0:00:30]} Qc6 {[%emt 0:00:30]} 21. f4 {[%emt 0:00:30]} f5 {[%emt 0:00:30]} 22. g4 {[%emt 0:00:30]} fxg4 {[%emt 0:00:30]} 23. Ng3 {[%emt 0:00:30]} cxd4 {[%emt 0:00:30]} 24. Nf5 {[%emt 0:00:30]} Qc4 {[%emt 0:00:30]} 25. cxd4 {[%emt 0:00:30]} Rb1 {[%emt 0:00:30]} 26. Rg1 {[%emt 0:00:30]} h5 {[%emt 0:00:30]} 27. Ne3 {[%emt 0:00:30]} Qb3 {[%emt 0:00:30]} 28. Qxb3 {[%emt 0:00:30]} Nxb3 {[%emt 0:00:30]} 29. Nxd5 {[%emt 0:00:30]} Rxc1 {[%emt 0:00:30]} 30. Rxc1 {[%emt 0:00:30]} Nxc1 {[%emt 0:00:30]} 31. Nc7 {[%emt 0:00:30]} Ne2 {[%emt 0:00:30]} 32. d5 {[%emt 0:00:30]} Nxf4 {[%emt 0:00:30]} 33. e6 {[%emt 0:00:30]} Nf6 {[%emt 0:00:30]} 34. d6 {[%emt 0:00:30]} Nxe6 {[%emt 0:00:30]} 35. Nxe6 {[%emt 0:00:30]} Kf7 {[%emt 0:00:30]} 36. Nc5 {[%emt 0:00:30]} Ke8 {[%emt 0:00:30]} 37. Kg2 {[%emt 0:00:30]} Nd7 {[%emt 0:00:30]} 38. Ne6 {[%emt 0:00:30]} Kf7 {[%emt 0:00:30]} 39. Nd8+ {[%emt 0:00:30]} Kf6 {[%emt 0:00:30]} 40. Kg3 {[%emt 0:00:30]} g5 {[%emt 0:00:30]} 41. a4 {[%emt 0:00:30]} Ne5 {[%emt 0:00:30]} 42. a5 {[%emt 0:00:30]} h4+ {[%emt 0:00:30]} 43. Kf2 {[%emt 0:00:30]} Kf5 {[%emt 0:00:30]} 44. a6 {[%emt 0:00:30]} g3+ {[%emt 0:00:30]} 45. hxg3 {[%emt 0:00:30]} h3 {[%emt 0:00:30]} 46. Kg1 {[%emt 0:00:30]} g4 {[%emt 0:00:30]} 47. Kh2 {[%emt 0:00:30]} Ke4 {[%emt 0:00:30]} 48. d7 {[%emt 0:00:30]} Kd5 {[%emt 0:00:30]} 49. Ne6 {[%emt 0:00:30]} Nxd7 {[%emt 0:00:30]} 0-1

[Event "Opocensky Memorial 2019"]
[Site "Prague"]
[Date "2019.06.26"]
[Round "6.5"]
[White "Burdalev, Kirill"]
[Black "Ivanov, Mikhail M"]
[Result "1-0"]
[WhiteElo "2385"]
[BlackElo "2366"]
[Annotator "NA"]
[PlyCount "55"]
[EventDate "2019.06.22"]
[EventType "tourn"]
[EventCountry "CZE"]
[SourceTitle "playchess.com"]
[Source "ChessBase"]
[SourceQuality "1"]
[TimeControl "5400+30"]

1. e4 {[%emt 0:01:10]} g6 {[%emt 0:02:50]} 2. d4 {[%emt 0:00:27]} Bg7 {[%emt 0:00:05]} 3. Nf3 {[%emt 0:00:48]} d6 {[%emt 0:01:05]} 4. Be3 {[%emt 0:02:01]} Nf6 {[%emt 0:01:35]} 5. Nc3 {[%emt 0:00:12]} a6 {[%emt 0:06:08]} 6. a4 {[%emt 0:11:27]} O-O {[%emt 0:03:40]} 7. Qd2 {[%emt 0:00:57]} Re8 {[%emt 0:03:55]} 8. Bc4 {[%emt 0:03:35]} c6 {[%emt 0:02:10]} 9. Bb3 {[%emt 0:01:50]} Ng4 {[%emt 0:05:52]} 10. Bg5 {[%emt 0:01:26]} h6 {[%emt 0:07:58]} 11. h3 {[%emt 0:01:09]} hxg5 {[%emt 0:07:00]} 12. hxg4 {[%emt 0:00:10]} e6 {[%emt 0:00:49]} 13. Nxg5 {[%emt 0:00:33]} Nd7 {[%emt 0:01:35]} 14. f4 {[%emt 0:13:05]} d5 {[%emt 0:06:13]} 15. O-O-O {[%emt 0:08:47]} Nf8 {[%emt 0:00:13]} 16. e5 {[%emt 0:08:14]} b5 {[%emt 0:00:20]} 17. Qe3 {[%emt 0:00:16]} Ra7 {[%emt 0:02:34]} 18. Rh4 {[%emt 0:01:57]} f6 {[%emt 0:00:24]} 19. Nf3 {[%emt 0:00:56]} Bh8 {[%emt 0:11:21]} 20. exf6 {[%emt 0:08:13]} Bxf6 {[%emt 0:06:58]} 21. g5 {[%emt 0:00:05]} Bg7 {[%emt 0:00:16]} 22. Ne5 {[%emt 0:02:14]} Bxe5 {[%emt 0:07:00]} 23. dxe5 {[%emt 0:00:38]} Rh7 {[%emt 0:00:19]} 24. Rxh7 {[%emt 0:00:05]} Nxh7 {[%emt 0:00:05]} 25. Ne4 {[%emt 0:00:12]} Qc7 {[%emt 0:04:52]} 26. Nd6 {[%emt 0:00:53]} Re7 {[%emt 0:00:23]} 27. Qc5 {[%emt 0:00:36]} Nf8 {[%emt 0:00:26]} 28. Nxc8 {[%emt 0:00:07]} 1-0

[Event "Opocensky Memorial 2019"]
[Site "Prague"]
[Date "2019.06.27"]
[Round "7.1"]
[White "Ivanov, Mikhail M"]
[Black "Sokolov, Alexander"]
[Result "1-0"]
[WhiteElo "2366"]
[BlackElo "2382"]
[Annotator "NA"]
[PlyCount "81"]
[EventDate "2019.06.22"]
[EventType "tourn"]
[EventCountry "CZE"]
[SourceTitle "playchess.com"]
[Source "ChessBase"]
[SourceQuality "1"]
[TimeControl "5400+30"]

1. Nf3 {[%emt 0:06:31]} Nf6 {[%emt 0:00:00]} 2. g3 {[%emt 0:00:07]} g6 {[%emt 0:00:00]} 3. b3 {[%emt 0:00:04]} Bg7 {[%emt 0:00:00]} 4. Bb2 {[%emt 0:00:03]} O-O {[%emt 0:00:00]} 5. Bg2 {[%emt 0:00:02]} d6 {[%emt 0:00:05]} 6. d4 {[%emt 0:00:15]} Nbd7 {[%emt 0:00:05]} 7. O-O {[%emt 0:00:37]} Re8 {[%emt 0:00:04]} 8. Nbd2 {[%emt 0:02:36]} c5 {[%emt 0:04:59]} 9. c4 {[%emt 0:03:26]} cxd4 {[%emt 0:00:43]} 10. Nxd4 {[%emt 0:00:24]} Qb6 {[%emt 0:01:11]} 11. Qc2 {[%emt 0:01:30]} Nc5 {[%emt 0:03:29]} 12. a4 {[%emt 0:12:10]} a5 {[%emt 0:09:18]} 13. h3 {[%emt 0:04:10]} Bd7 {[%emt 0:01:01]} 14. e4 {[%emt 0:01:39]} Nh5 {[%emt 0:05:00]} 15. N2f3 {[%emt 0:07:53]} e5 {[%emt 0:22:53]} 16. Nb5 {[%emt 0:00:52]} f5 {[%emt 0:02:59]} 17. Nd2 {[%emt 0:05:05]} fxe4 {[%emt 0:00:52]} 18. Kh2 {[%emt 0:00:46]} Nf6 {[%emt 0:04:32]} 19. Ba3 {[%emt 0:15:24]} Rac8 {[%emt 0:04:08]} 20. Rad1 {[%emt 0:04:16]} d5 {[%emt 0:02:06]} 21. Qb1 {[%emt 0:02:45]} Bf5 {[%emt 0:20:37]} 22. g4 {[%emt 0:05:40]} e3 {[%emt 0:00:10]} 23. gxf5 {[%emt 0:00:05]} e2 {[%emt 0:00:02]} 24. cxd5 {[%emt 0:00:36]} exf1=N+ {[%emt 0:01:54]} 25. Rxf1 {[%emt 0:00:55]} Qd8 {[%emt 0:00:48]} 26. Nc4 {[%emt 0:01:11]} Nxd5 {[%emt 0:02:30]} 27. Nbd6 {[%emt 0:05:59]} e4 {[%emt 0:01:17]} 28. Nxe8 {[%emt 0:01:19]} Qxe8 {[%emt 0:00:18]} 29. Kh1 {[%emt 0:04:56]} Nc3 {[%emt 0:06:22]} 30. Qc2 {[%emt 0:00:48]} Qd8 {[%emt 0:00:04]} 31. fxg6 {[%emt 0:02:22]} hxg6 {[%emt 0:01:13]} 32. Bxc5 {[%emt 0:04:52]} Rxc5 {[%emt 0:00:04]} 33. Bxe4 {[%emt 0:00:05]} Qh4 {[%emt 0:00:04]} 34. Bg2 {[%emt 0:00:35]} Rf5 {[%emt 0:00:54]} 35. Qd3 {[%emt 0:03:11]} Kh7 {[%emt 0:02:58]} 36. Qg3 {[%emt 0:01:33]} Qd4 {[%emt 0:00:03]} 37. Ne3 {[%emt 0:01:36]} Ne2 {[%emt 0:01:12]} 38. Qc7 {[%emt 0:01:18]} Re5 {[%emt 0:03:37]} 39. Rd1 {[%emt 0:00:56]} Qb2 {[%emt 0:00:41]} 40. Qc2 {[%emt 0:00:52]} Qxc2 {[%emt 0:00:31]} 41. Nxc2 {[%emt 0:01:06]} 1-0

[Event "Opocensky Memorial 2019"]
[Site "Prague"]
[Date "2019.06.27"]
[Round "7.2"]
[White "Kourousis, Epaminondas"]
[Black "Burdalev, Kirill"]
[Result "1-0"]
[WhiteElo "2394"]
[BlackElo "2385"]
[Annotator "NA"]
[PlyCount "77"]
[EventDate "2019.06.22"]
[EventType "tourn"]
[EventCountry "CZE"]
[SourceTitle "playchess.com"]
[Source "ChessBase"]
[SourceQuality "1"]
[TimeControl "5400+30"]

1. Nf3 {[%emt 0:00:00]} d5 {[%emt 0:02:44]} 2. g3 {[%emt 0:00:46]} Bg4 {[%emt 0:00:03]} 3. Bg2 {[%emt 0:00:27]} Nd7 {[%emt 0:00:03]} 4. O-O {[%emt 0:01:44]} c6 {[%emt 0:01:53]} 5. d3 {[%emt 0:01:59]} Ngf6 {[%emt 0:00:09]} 6. b3 {[%emt 0:00:18]} e5 {[%emt 0:02:26]} 7. h3 {[%emt 0:02:16]} Bh5 {[%emt 0:00:04]} 8. Bb2 {[%emt 0:01:50]} Bd6 {[%emt 0:00:18]} 9. Nh4 {[%emt 0:02:31]} O-O {[%emt 0:00:36]} 10. Nf5 {[%emt 0:00:16]} Bc7 {[%emt 0:03:54]} 11. Nd2 {[%emt 0:02:41]} Re8 {[%emt 0:00:09]} 12. Qe1 {[%emt 0:03:04]} a5 {[%emt 0:03:44]} 13. a3 {[%emt 0:01:59]} Nc5 {[%emt 0:00:52]} 14. e4 {[%emt 0:01:24]} Ne6 {[%emt 0:09:08]} 15. Kh1 {[%emt 0:05:50]} Bg6 {[%emt 0:04:13]} 16. Nh4 {[%emt 0:01:09]} Bh5 {[%emt 0:00:30]} 17. f4 {[%emt 0:07:20]} exf4 {[%emt 0:09:19]} 18. e5 {[%emt 0:00:31]} f3 {[%emt 0:02:24]} 19. Ndxf3 {[%emt 0:03:22]} Nd7 {[%emt 0:00:30]} 20. Qf2 {[%emt 0:10:21]} Bb6 {[%emt 0:02:39]} 21. Qd2 {[%emt 0:01:21]} Bc7 {[%emt 0:12:42]} 22. g4 {[%emt 0:08:04]} Bg6 {[%emt 0:00:03]} 23. Rae1 {[%emt 0:01:08]} Ndf8 {[%emt 0:07:15]} 24. Nf5 {[%emt 0:07:19]} Qd7 {[%emt 0:05:45]} 25. h4 {[%emt 0:03:14]} h5 {[%emt 0:02:45]} 26. Bh3 {[%emt 0:00:11]} Qd8 {[%emt 0:00:06]} 27. Rg1 {[%emt 0:04:10]} d4 {[%emt 0:02:20]} 28. gxh5 {[%emt 0:06:12]} Bxh5 {[%emt 0:02:46]} 29. Bg4 {[%emt 0:00:07]} Bxg4 {[%emt 0:01:17]} 30. Rxg4 {[%emt 0:00:02]} Qd5 {[%emt 0:01:49]} 31. Qg2 {[%emt 0:00:42]} g6 {[%emt 0:02:28]} 32. h5 {[%emt 0:00:37]} Kh8 {[%emt 0:04:59]} 33. N5xd4 {[%emt 0:04:57]} Nh7 {[%emt 0:01:03]} 34. hxg6 {[%emt 0:00:49]} fxg6 {[%emt 0:00:04]} 35. Nxe6 {[%emt 0:01:14]} Rxe6 {[%emt 0:00:29]} 36. Rd4 {[%emt 0:00:11]} Qc5 {[%emt 0:01:18]} 37. Rd7 {[%emt 0:00:07]} Bb6 {[%emt 0:02:39]} 38. Rxh7+ {[%emt 0:00:26]} Kxh7 {[%emt 0:00:09]} 39. Ng5+ {[%emt 0:00:24]} 1-0